000 00319nam a2200121Ia 4500
008 210430s9999 xx 000 0 und d
082 _a297C426 W
100 _aM. SHARIF CHAUDHRY
245 _aWomen,s Rights in ISLAM
_cM. SHARIF CHAUDHRY
260 _aLahore
_bSh.M. Ashraf
_c2007
300 _a204p
942 _cBK
_2ddc
999 _c563242
_d563242